000 00460nam a2200205Ia 4500
001 11590
003 GE_BSU
008 181216s||||||||xx |||||||||||||| ||und||
020 _a9780099553489
040 _cGE_BSU
080 _a821.111-312
100 _aPatterson,James and Mark Pearson.
245 _aPrivate London.
260 _aLondon
260 _bArrow books.
260 _c2011.
300 _a489p;20cm.
653 _aPrivate London.
942 _cBK
999 _c44785
_d44785